000 01114nam a22003257a 4500
003 CHAP
005 20220817042813.0
008 971013s1986 r 10010 d
010 _a56194
011 _a57166
035 _a61319
040 _cCHAP
090 _aFolleto 10474
111 0 0 _aSimposio Nacional sobe Uso y Manejo de Tepetates para el Desarrollo Rural (
_n1
_d: 1986
_c: Tlaxcala, Tlax.)
_9106355
245 _aResúmenes de ponencias
260 _aMéxico, D. F. :
_bSecretaría de Agricultura y Recursos Hidráulicos,
_c1986
300 _a49 h.
_b; mapas
590 _aBATCH-UPD
_b10
_c20130110
_lUCH01
_h0707
590 _aBATCH-UPD
_b10
_c20130410
_lUCH01
_h0352
590 _aBATCH-UPD
_b10
_c20130914
_lUCH01
_h1007
590 _aCONVERSION
_b10
_c20130109
_lUCH01
_h1330
650 1 4 _aSuelos
_xCostras.
_9110331
650 1 4 _aTepetates.
_9112332
710 0 _aColegio de Postgraduados. Chapingo, Méx.
_925068
710 0 _aUACH.
901 _aBK
942 _cFOLL
949 _aFolleto 10474
_bBC
_cFOLL
_d-131771
_eTS1
_i61319
_si
949 _aFolleto 10474
_bBC
_cFOLL
_d-131772
_eTS2
_fc.2
_i61319
_si
999 _c56194
_d56194